<?xml version="1.0" encoding="UTF-8"?>
<record
    xmlns:xsi="http://www.w3.org/2001/XMLSchema-instance"
    xsi:schemaLocation="http://www.loc.gov/MARC21/slim http://www.loc.gov/standards/marcxml/schema/MARC21slim.xsd"
    xmlns="http://www.loc.gov/MARC21/slim">

  <leader>00403nam a2200145Ia 4500</leader>
  <controlfield tag="008">230411s9999    xx            000 0 und d</controlfield>
  <datafield tag="020" ind1=" " ind2=" ">
    <subfield code="a">978-81-8191-539-9</subfield>
  </datafield>
  <datafield tag="041" ind1=" " ind2=" ">
    <subfield code="a">eng</subfield>
  </datafield>
  <datafield tag="082" ind1=" " ind2=" ">
    <subfield code="a">MS/646.028/MAL/NAT/B10011</subfield>
  </datafield>
  <datafield tag="100" ind1=" " ind2=" ">
    <subfield code="a">Malviya D and Nath S</subfield>
    <subfield code="9">180194</subfield>
  </datafield>
  <datafield tag="245" ind1=" " ind2=" ">
    <subfield code="a">Handbook of Critical Care</subfield>
  </datafield>
  <datafield tag="260" ind1=" " ind2=" ">
    <subfield code="b">Paras Medical Publisher</subfield>
    <subfield code="a">Hyderabad</subfield>
    <subfield code="c">2022</subfield>
  </datafield>
  <datafield tag="300" ind1=" " ind2=" ">
    <subfield code="a">446p</subfield>
  </datafield>
  <datafield tag="999" ind1=" " ind2=" ">
    <subfield code="c">158721</subfield>
    <subfield code="d">158721</subfield>
  </datafield>
  <datafield tag="952" ind1=" " ind2=" ">
    <subfield code="0">0</subfield>
    <subfield code="1">0</subfield>
    <subfield code="2">ddc</subfield>
    <subfield code="4">0</subfield>
    <subfield code="7">0</subfield>
    <subfield code="a">BTIN</subfield>
    <subfield code="b">BTIN</subfield>
    <subfield code="d">2023-03-08</subfield>
    <subfield code="e">S.K.Kothari,Pune.</subfield>
    <subfield code="g">895.00</subfield>
    <subfield code="i">252</subfield>
    <subfield code="l">1</subfield>
    <subfield code="m">1</subfield>
    <subfield code="o">MS 646.028 MAL NAT B10011</subfield>
    <subfield code="p">BTIN-BK-10011</subfield>
    <subfield code="r">2026-02-21 13:39:18</subfield>
    <subfield code="s">2026-02-11</subfield>
    <subfield code="v">581.75</subfield>
    <subfield code="w">2023-03-08</subfield>
    <subfield code="y">BK</subfield>
    <subfield code="z">B10011</subfield>
  </datafield>
  <datafield tag="952" ind1=" " ind2=" ">
    <subfield code="0">0</subfield>
    <subfield code="1">0</subfield>
    <subfield code="4">0</subfield>
    <subfield code="7">0</subfield>
    <subfield code="8">MS</subfield>
    <subfield code="a">BTIN</subfield>
    <subfield code="b">BTIN</subfield>
    <subfield code="d">2023-03-08</subfield>
    <subfield code="e">S.K.Kothari,Pune.</subfield>
    <subfield code="g">895.00</subfield>
    <subfield code="i">252</subfield>
    <subfield code="l">3</subfield>
    <subfield code="o">MS 646.028 MAL NAT B10012</subfield>
    <subfield code="p">BTIN-BK-10012</subfield>
    <subfield code="r">2025-06-04 00:00:00</subfield>
    <subfield code="s">2025-05-30</subfield>
    <subfield code="v">581.75</subfield>
    <subfield code="w">2023-03-08</subfield>
    <subfield code="y">BK</subfield>
    <subfield code="z">B10012</subfield>
  </datafield>
  <datafield tag="952" ind1=" " ind2=" ">
    <subfield code="0">0</subfield>
    <subfield code="1">0</subfield>
    <subfield code="4">0</subfield>
    <subfield code="7">0</subfield>
    <subfield code="8">MS</subfield>
    <subfield code="a">BTIN</subfield>
    <subfield code="b">BTIN</subfield>
    <subfield code="d">2023-03-08</subfield>
    <subfield code="e">S.K.Kothari,Pune.</subfield>
    <subfield code="g">895.00</subfield>
    <subfield code="i">252</subfield>
    <subfield code="l">1</subfield>
    <subfield code="o">MS 646.028 MAL NAT B10013</subfield>
    <subfield code="p">BTIN-BK-10013</subfield>
    <subfield code="r">2024-02-28 00:00:00</subfield>
    <subfield code="s">2024-02-09</subfield>
    <subfield code="v">581.75</subfield>
    <subfield code="w">2023-03-08</subfield>
    <subfield code="y">BK</subfield>
    <subfield code="z">B10013</subfield>
  </datafield>
  <datafield tag="952" ind1=" " ind2=" ">
    <subfield code="0">0</subfield>
    <subfield code="1">0</subfield>
    <subfield code="4">0</subfield>
    <subfield code="7">0</subfield>
    <subfield code="8">MS</subfield>
    <subfield code="a">BTIN</subfield>
    <subfield code="b">BTIN</subfield>
    <subfield code="d">2023-03-08</subfield>
    <subfield code="e">S.K.Kothari,Pune.</subfield>
    <subfield code="g">895.00</subfield>
    <subfield code="i">252</subfield>
    <subfield code="l">4</subfield>
    <subfield code="o">MS 646.028 MAL NAT B10014</subfield>
    <subfield code="p">BTIN-BK-10014</subfield>
    <subfield code="r">2024-08-27 00:00:00</subfield>
    <subfield code="s">2024-08-23</subfield>
    <subfield code="v">581.75</subfield>
    <subfield code="w">2023-03-08</subfield>
    <subfield code="y">BK</subfield>
    <subfield code="z">B10014</subfield>
  </datafield>
  <datafield tag="952" ind1=" " ind2=" ">
    <subfield code="0">0</subfield>
    <subfield code="1">0</subfield>
    <subfield code="4">0</subfield>
    <subfield code="7">0</subfield>
    <subfield code="8">MS</subfield>
    <subfield code="a">BTIN</subfield>
    <subfield code="b">BTIN</subfield>
    <subfield code="d">2023-03-08</subfield>
    <subfield code="e">S.K.Kothari,Pune.</subfield>
    <subfield code="g">895.00</subfield>
    <subfield code="i">252</subfield>
    <subfield code="l">3</subfield>
    <subfield code="o">MS 646.028 MAL NAT B10015</subfield>
    <subfield code="p">BTIN-BK-10015</subfield>
    <subfield code="r">2024-08-30 00:00:00</subfield>
    <subfield code="s">2024-08-23</subfield>
    <subfield code="v">581.75</subfield>
    <subfield code="w">2023-03-08</subfield>
    <subfield code="y">BK</subfield>
    <subfield code="z">B10015</subfield>
  </datafield>
</record>
